Etica de la solidaridad
Guardat en:
| Autor principal: | |
|---|---|
| Format: | Llibre |
| Idioma: | espanyol |
| Publicat: |
Madrid
Encuentro
1983
|
| Col·lecció: | Libros de Bolsillo, 20
|
| Matèries: | |
| Etiquetes: |
Afegir etiqueta
Sense etiquetes, Sigues el primer a etiquetar aquest registre!
|
MARC
| LEADER | 00000nam a2200000 a 4500 | ||
|---|---|---|---|
| 001 | UCI2698 | ||
| 003 | CL-VaPUC | ||
| 008 | 070907e19830000SP |||||||||||||||||spa|d | ||
| 020 | |a 8474900891 | ||
| 082 | 0 | 4 | |a 177.7 |b TIS |2 21 |
| 100 | 0 | |a Tischner, Josef |e author |9 523830 | |
| 245 | 1 | 0 | |a Etica de la solidaridad |
| 300 | |a 157 p | ||
| 942 | |c BK | ||
| 945 | |d 20070907 00:00:00 |a rbrito | ||
| 260 | |a Madrid |b Encuentro |c 1983 | ||
| 650 | 0 | |a Solidaridad |9 259208 | |
| 650 | 0 | |a Trabajo |9 313876 | |
| 650 | 0 | |a Ética |9 255099 | |
| 650 | 0 | |a Democracia |9 255256 | |
| 650 | 0 | |a Socialismo |9 255260 | |
| 650 | 0 | |a Familias |9 255641 | |
| 650 | 0 | |a Educación religiosa |9 308312 | |
| 650 | 0 | |a Cristianismo |9 257361 | |
| 583 | |a last modification |c 20070907 00:00:00 |k Rodrigo Vera | ||
| 490 | 0 | |a Libros de Bolsillo, 20 | |
| 999 | |c 327176 |d 327174 | ||
| 952 | |0 0 |1 0 |4 0 |6 177_700000000000000_TIS_1983 |7 0 |8 A |9 409656 |a BIBTEO |b BIBTEO |d 2019-11-22 |i 4369335 |l 1 |o 177.7 TIS 1983 |p 4369335 |r 2025-01-17 |s 2022-10-28 |w 2019-11-22 |y BK |k ICR | ||